| 000 | 00386nam a2200109Ia 4500 | ||
|---|---|---|---|
| 008 | 171212s9999 xx 000 0 und d | ||
| 100 | _aBoehmer, Elleke | ||
| 245 |
_cBoehmer, Elleke _aStories of Women _bGender and Narrative in the Postcolonial Nation |
||
| 260 |
_bManchester University Press _c2005 |
||
| 650 | _aLanguage & Literature | ||
| 856 | _uhttp://www.jstor.org/stable/j.ctt155j4ws | ||
| 999 |
_c351514 _d351514 |
||